Language Teaching
Guardado en:
| Hovedforfatter: | |
|---|---|
| Format: | Bog |
| Sprog: | Undetermined |
| Udgivet: |
New York, Estados Unidos
Thomas y Crowel
1953
|
| Fag: | |
| Tags: |
Tilføj Tag
Ingen Tags, Vær først til at tagge denne postø!
|
MARC
| LEADER | 00000nam a2200000Ia 4500 | ||
|---|---|---|---|
| 008 | 170316s9999 xx 000 0 und d | ||
| 090 | |a 410 C-20L | ||
| 100 | |a Cornelius, Edwin T. | ||
| 245 | |a Language Teaching | ||
| 260 | |a New York, Estados Unidos | ||
| 260 | |b Thomas y Crowel | ||
| 260 | |c 1953 | ||
| 300 | |a 168 páginas | ||
| 650 | |a LINGÜÍSTICA | ||
| 999 | |c 18281 |d 18281 | ||
| 040 | |a cru BVZT | ||
| 942 | |c 15 D |h 410 C-20L |2 z | ||
